Normal view
MARC view
- الوسائط المتعددة (حاسبات إلكترونية)
Entry Topical Term
001 - CONTROL NUMBER
- control field: 29215
003 - CONTROL NUMBER IDENTIFIER
- control field: JO-AjAnu
005 - DATE AND TIME OF LATEST TRANSACTION
- control field: 20230606074936.0
008 - FIXED-LENGTH DATA ELEMENTS
- fixed length control field: 230606|| aca||aabn | a|a d
040 ## - CATALOGING SOURCE
- Original cataloging agency: JO-AjAnu
- Transcribing agency: JO-AjAnu
150 ## - HEADING--TOPICAL TERM
- Topical term or geographic name entry element: الوسائط المتعددة (حاسبات إلكترونية)
670 ## - SOURCE DATA FOUND
- Source citation: Work cat.: (JO-AjAnu)14997: حرز الله،نائل مؤلف/الضامن،ديما م.مشارك, author 29214, الوسائط المتعددة